Rozpoznaj obszar po zdjęciu satelitarnym - Statystyki

Ogólne statystyki
  • Ten quiz został rozwiązany 124 razy
    115 od ostatniego zresetowania
  • Średni wynik to 8 z 15
Statystyki odpowiedzi
Obrazkowy Odpowiedź % Poprawnych
Cypr
83%
Morze Czarne
77%
Irlandia
76%
Nil
76%
Alaska, USA
73%
Półwysep Jutlandzki, Dania
72%
Półwysep Koreański, Korea
70%
Tasmania, Australia
52%
Pireneje
51%
Kuba
49%
Hawaje, USA
44%
Madagaskar
29%
Nauru
26%
Hokkaido, Japonia
24%
Zatoka Karpentaria, Australia
12%
Nie znaleziono quizów pasujących do podanych kryteriów
Rozkład punktacji
Procent ludzi z każdym wynikiem
Percentyl według liczby udzielonych odpowiedzi
Twoja historia wyników
Nie rozwiązałeś tego quizu od ostatniego zresetowania